| 000 | 00397nam a22001577a 4500 | ||
|---|---|---|---|
| 003 | BDDh-ASL | ||
| 005 | 20231015031020.0 | ||
| 008 | 220920n xx ||||| |||| 00| 0 urd d | ||
| 040 |
_aBDDh-ASL _cBDDh-ASL |
||
| 041 | _aurd | ||
| 082 |
_a297.59 _bTAR |
||
| 245 | 0 | 0 | _aTarajimul Fatawi : / تراجم الفتاوی |
| 300 |
_a16 p. : _c24 cm. |
||
| 650 | 0 |
_93959 _aIslamic Law |
|
| 942 |
_2ddc _cBK |
||
| 999 |
_c29291 _d29291 |
||